000 00235nam a2200109Ia 4500
999 _c7626
_d7626
020 _a978-0070678163
100 _aElaine Rich
245 0 _aArtificial Intelligence
260 _aIndia
_bMcGraw Hill
_c1991
300 _a620
942 _cBK